Class in a Capitalist Society / A Study of Contemporary Britain (Record no. 2421)
[ view plain ]
| 000 -LEADER | |
|---|---|
| fixed length control field | 01387cam a22002054a 4500 |
| 005 - ΗΜΕΡΟΜΗΝΙΑ ΚΑΙ ΩΡΑ ΤΕΛΕΥΤΑΙΑΣ ΕΝΗΜΕΡΩΣΗΣ | |
| Πεδίο ελέγχου | 20250605164041.0 |
| 008 - FIXED-LENGTH DATA ELEMENTS--GENERAL INFORMATION | |
| Πεδίο ελέγχου σταθερού μήκους | 250528s ||||||||||||||||||||||||d |
| 035 ## - SYSTEM CONTROL NUMBER | |
| System control number | 16978 |
| 020 ## - ISBN | |
| ISBN | 140219749 |
| 040 ## - ΠΗΓΗ ΚΑΤΑΛΟΓΟΓΡΑΦΗΣΗΣ | |
| Φορέας πρωτότυπης καταλογογράφησης | MC Athens Campus Library |
| Γλώσσα καταλογογράφησης | Ελληνικά, Μοντέρνα (1453-) |
| Modifying agency | MC Athens Campus Library |
| Κανόνες περιγραφικής καταλογογράφησης | AACR2 |
| 245 1# - ΤΙΤΛΟΣ ΚΑΙ ΔΗΛΩΣΗ ΥΠΕΥΘΥΝΟΤΗΤΑΣ | |
| Τίτλος | Class in a Capitalist Society / A Study of Contemporary Britain |
| 260 ## - PUBLICATION, DISTRIBUTION, ETC. | |
| Name of publisher, distributor, etc. | Penguin Books, |
| Date of publication, distribution, etc. | 1975 |
| 300 ## - PHYSICAL DESCRIPTION | |
| Extent | 432 |
| 520 ## - SUMMARY, ETC. | |
| Summary, etc. | Preface, List of Tables, Themes and Issues, Inequalities of Condition and Security, Affluence and Inequality, Trends in Income Inequality, Determinants of Income Inequality, Taxation and Welfare Provision, The Labour Market: Occupational Earnings, Women in the Labour Market, Capital: The Ownership of Property, Conclusions and Implications, Inequality of Power, Private Business and Managerialism, The State and the Public Services, State Economic Activity and Private Business, Power and Pluralism, Inequalities of Opportunitiy, Social Mobility: Significance and Measurement, Patterns of Social Mobility, Trends of Mobility and Educational Opportunity, Acquiescence and Dissent: Responses to Inequality, From Class in Itself to Class for Itself: Main Lines of Division, The Challenge from Labour: Inhibitions and Prospects, Index of Subjects and Names. |
| 700 1# - ΠΡΟΣΘΕΤΗ ΑΝΑΓΡΑΦΗ--ΦΥΣΙΚΟ ΠΡΟΣΩΠΟ | |
| Personal name | Resler Henrietta |
| 9 (RLIN) | 3101 |
| 700 1# - ΠΡΟΣΘΕΤΗ ΑΝΑΓΡΑΦΗ--ΦΥΣΙΚΟ ΠΡΟΣΩΠΟ | |
| Personal name | Westergaard John |
| 9 (RLIN) | 3102 |
| 942 ## - ADDED ENTRY ELEMENTS (KOHA) | |
| Koha item type | Books |
| Τύπος τεκμηρίου | Βιβλιοθήκη | Τρέχουσα τοποθεσία | Barcode | Αριθμός εισαγωγής | Ημερομηνία απόκτησης | Ταξιθετικό σύμβολο | Αριθμός αντιτύπου | Κατάσταση απόσυρσης | Κατάσταση χαμένου | Κατάσταση κατεστραμμένου | Μη δανεισμός | Σύνολο δανεισμών | Ημερομηνία τελευταίας εμφάνισης | Η τιμή ισχύει από |
|---|---|---|---|---|---|---|---|---|---|---|---|---|---|---|
| Books | MC Athens Campus Library | MC Athens Campus Library | 9780000024206 | 6300 | 05/06/2025 | 301.44/0941 WES | 1 | 05/06/2025 | 05/06/2025 |